000 00427nam a2200157 i 4500
001 24484
003 ES-MaACL
005 20230906153046.0
007 t|
008 021217s1961 sp ||||1| spa d
100 1 _aApaolaza, Antero.
_922037
245 1 0 _aPatxiko Txerren /
_cAntero Apaolaza.
260 _aZarauz :
_b[s.n.,
_c1961] (
_fGráf. Icharopena)
300 _a126 p. ;
_c18 cm.
852 _aES-MaACL
_jC-21365
_bR.49778
999 _c24484
_d24484